000 01204nam a22002657a 4500
001 79230
003 BD-RjUL
005 20220329092106.0
008 220120s1992 ku ||||| |||| 00| 0 ara d
035 _a(BD-RjUL)79230
040 _aBD-RjUL
_beng
_cBD-RjUL
041 _aara
082 _223
_a016.370917671
_bATF 1992
100 _aAttia, Mohieldin ;; عطية، محيي الدين
_9823
_d1934-
245 1 4 _aالفكر التربوي الإسلامي : قائمة ببليوغرافية ;; alfikr altarbawiu al'iislamiu : qayimat bibilyughrafia /
_cمحيي الدين عطية. ;; Mohieddin Attia.
250 _a3rd edition
260 _aرياض : Riyadh :
_bهيرندن، الولايات المتحدة الأمريكية : المعهد العالمي للفكر الإسلامي،
_c1992
300 _a136 p. ;
_c22 cm
490 _aسلسلة الادلة والكشافات ;silsilat aladilat walkishaafat ;
_v ٥
500 _aInclude s Index
650 _aIslamic Education
_vbibliography
_9824
650 _aEducation
_vIslamicCountries
_xbibliography
_9825
830 _aسلسلة الادلة والكشافات ;silsilat aladilat walkishaafat ;
_v5
_9826
942 _2ddc
_cBK
999 _c79230
_d79230